Φιλοσοφικό λεξικό
Saved in:
| Main Author: | |
|---|---|
| Other Authors: | , |
| Format: | Book |
| Language: | Greek |
| Published: |
Αθήνα :
Στάχυ,
2001
|
| Series: | Ιδέες - Κλασσικά Κείμενα
|
| Subjects: | |
| Tags: |
Add Tag
No Tags, Be the first to tag this record!
|
MARC
| LEADER | 00000cam a2200000 i 4500 | ||
|---|---|---|---|
| 001 | 1/81513 | ||
| 008 | 050719s2001 gre d | ||
| 020 | |a 960-8032-63-6 | ||
| 035 | |l 10079289 | ||
| 040 | |a GR-MY-UA |b gre |e aacr | ||
| 041 | 0 | |a gre | |
| 082 | 0 | |a 103 |2 (22) | |
| 100 | 1 | |a Voltaire, |d 1694-1778. | |
| 245 | 1 | 0 | |a Φιλοσοφικό λεξικό / |c Βολταίρος ; μετάφραση: Φωτεινή Ταμβίσκου, Ξανθίππη Τσελέντη ; εισαγωγή - σχόλια - επιμέλεια Ξανθίππη Τσελέντη |
| 260 | |a Αθήνα : |b Στάχυ, |c 2001 | ||
| 300 | |a 549 σ.; |c 20 εκ. | ||
| 490 | 1 | |a Ιδέες - Κλασσικά Κείμενα | |
| 650 | 0 | 0 | |a Philosophy |v Dictionaries. |
| 700 | 1 | |a Ταμβίσκου, Φωτεινή. |4 trl | |
| 700 | 1 | |a Τσελέντη, Ξανθίππη. |4 edt | |
| 830 | 0 | |a Ιδέες - Κλασσικά Κείμενα | |
| 852 | |a INST |b RHODES |c KRI |e 20050719 |h 103 VOL |p 005400030416 |q 005400030416 |t REF |y 23 | ||
| 901 | |a BIBL4-2005-2 | ||
| 909 | |a Ρ |b 121905 | ||
| 970 | |a ΣΙΔΕΡΗ |b ΝΕΚΤΑΡΙΑ |z 2005/07/19 | ||